WWF Royal Rumble 1989 Entrants Quiz - Statistics

General Stats
  • This quiz has been taken 485 times
  • The average score is 21 of 30
Answer Stats
EN Answer EL % Correct
18 Hulk Hogan 21
95%
3 Andre The Giant 5
91%
15 Randy Savage 20
91%
27 Big John Studd W
86%
30 Ted Dibiase 29
86%
1 Ax 4
83%
2 Smash 1
82%
9 Shawn Michaels 9
81%
7 Jake Roberts 3
80%
12 Tito Santana 12
78%
23 Akeem 28
75%
14 Marty Jannetty 10
75%
29 Rick Martel 27
74%
22 The Big Boss Man 22
74%
6 Greg Valentine 8
72%
4 Mr. Perfect 11
69%
21 The Warlord 18
69%
28 Hercules 25
67%
11 The Honky Tonk Man 6
65%
26 The Barbarian 26
64%
24 Brutus Beefcake 24
62%
13 Bad News Brown 19
57%
20 Koko B. Ware 14
57%
19 Bushwhacker Luke 15
56%
10 Bushwhacker Butch 13
55%
16 Arn Anderson 16
54%
25 The Red Rooster 23
51%
8 Ron Bass 7
49%
17 Tully Blanchard 17
49%
5 Ronnie Garvin 2
47%
No matching quizzes found
Score Distribution
Percent of People with Each Score
Percentile by Number Answered
Your Score History
You have not taken this quiz